书目信息 |
| 题名: |
直流输电
|
|
| 作者: | 乌尔曼 , Unlmann 著 ;张金堂 译 | |
| 分册: | ||
| 出版信息: | 北京 科学出版社 1983 |
|
| 页数: | 276页 | |
| 开本: | 25cm | |
| 丛书名: | ||
| 单 册: | ||
| 中图分类: | TM721.1 | |
| 科图分类: | ||
| 主题词: | 直流系统-输电技术 , 输电技术-直流系统 , 输电-直流 | |
| 电子资源: | ||
| ISBN: | ||
| 000 | 00908nam0 2200313 45 | |
| 001 | 0183000023 | |
| 005 | 20040518095544.7 | |
| 010 | @dCNY2.80 | |
| 091 | @a15031.501 | |
| 100 | @a19950728d1983 em y0chiy0121 ea | |
| 101 | 1 | @achi@beng@cswe |
| 102 | @aCN@b110000 | |
| 105 | @ay z 000yy | |
| 106 | @ar | |
| 200 | 10 | @a直流输电@Azhi liu shu dian@f(瑞典)乌尔曼(E.Unlmann)著@g张金堂译 |
| 210 | @a北京@c科学出版社@d1983 | |
| 215 | @a276页@d25cm | |
| 300 | @a书名原文:Power transmission by direct current | |
| 510 | 1 | @aPower transmission by direct current@zeng |
| 606 | @a直流系统-输电技术 | |
| 606 | @a输电技术-直流系统 | |
| 606 | @a输电-直流 | |
| 690 | @aTM721.1@v3 | |
| 701 | 1 | @a乌尔曼@Awu er man@bE.@4著 |
| 701 | A1 | @aUnlmann@bE.@4著 |
| 702 | 0 | @a张金堂@Azhang jin tang@4译 |
| 801 | 0 | @aCN@b上海图书馆@c20040518 |
| 801 | 2 | @aCN@bNLC@c20040518 |
| 905 | @f2@b94226-227@dTM721.1@e10 | |
| 直流输电/(瑞典)乌尔曼(E.Unlmann)著/张金堂译.-北京:科学出版社,1983 |
| 276页;25cm |
| 书名原文:Power transmission by direct current |
| ISBN :CNY2.80 |
| ● |
| 相关链接 |
|
|
|
|
正题名:直流输电
索取号:TM721.1/10
 
预约/预借
| 序号 | 登录号 | 条形码 | 馆藏地/架位号 | 状态 | 备注 |
| 1 | 0094226 | 001354652 | 第三借阅区/ [索取号:TM721.1/10] | 在馆 | |
| 2 | 0094227 | 001354572 | 第三借阅区/ [索取号:TM721.1/10] | 在馆 | |
| 3 | 0094228 | 001354616 | 第二样本阅览室/ [索取号:TM721.1/10] | 在馆 |